| 000 | 00597nam a22001937a 4500 | ||
|---|---|---|---|
| 999 |
_c14837 _d14837 |
||
| 003 | AR-CdUCM | ||
| 008 | 190424b ||||| |||| 00| 0 eng d | ||
| 020 | _a978-607-404-825-4 | ||
| 040 |
_aMUNICIPALIDAD PROVINCIAL DEL CUSCO _cBIBLIOTECA MUNICIPAL DEL CUSCO |
||
| 082 |
_aPI / 590 / _bS55 |
||
| 110 |
_aThe Clever Factory,Inc. _933763 |
||
| 245 | _aLagartos escurridizos / | ||
| 260 |
_aMéxico : _bThe Clever Factory,Inc. _c2013. |
||
| 300 |
_bIlustraciones, _c21 cm. |
||
| 650 |
_aTextos infantiles _933764 |
||
| 650 |
_aLagartos _933765 |
||
| 942 |
_2ddc _cLIBROS |
||
| 945 |
_arjall _d2019-04-24 |
||